A history of the church in Africa (Record no. 342024)

MARC details
000 -LEADER
fixed length control field 00732nam a2200229Ia 4500
008 - FIXED-LENGTH DATA ELEMENTS--GENERAL INFORMATION
fixed length control field 191130s2000##################000#0#eng##
020 ## - INTERNATIONAL STANDARD BOOK NUMBER
International Standard Book Number 9780521583428
022 ## - INTERNATIONAL STANDARD SERIAL NUMBER
International Standard Serial Number 97015777
040 ## - CATALOGING SOURCE
Original cataloging agency ACL
Transcribing agency ACL
082 ## - DEWEY DECIMAL CLASSIFICATION NUMBER
Classification number 276 SUN
100 ## - MAIN ENTRY--PERSONAL NAME
Personal name Steed, Christopher
245 ## - TITLE STATEMENT
Title A history of the church in Africa
Statement of responsibility, etc. Bengt Sundkler and Christopher Steed
260 ## - PUBLICATION, DISTRIBUTION, ETC.
Place of publication, distribution, etc. Cambridge
Name of publisher, distributor, etc. Cambridge University Press
Date of publication, distribution, etc. c2000
300 ## - PHYSICAL DESCRIPTION
Extent xix, 1232 p. : ill., maps ; 24 cm
500 ## - GENERAL NOTE
General note Includes bibliographical references (p. 1099-1147) and indexes
650 ## - SUBJECT ADDED ENTRY--TOPICAL TERM
Topical term or geographic name entry element Africa - Church history
Topical term or geographic name entry element Christianity - Africa
700 ## - ADDED ENTRY--PERSONAL NAME
Personal name Sundkler, Bengt
990 ## - EQUIVALENCES OR CROSS-REFERENCES [LOCAL, CANADA]
Link information for 9XX fields c71e265cac10000c043e16b321b58502
991 ## -
-- 115738
Holdings
Withdrawn status Lost status Materials specified (bound volume or other part) Damaged status Not for loan Home library Current library Shelving location Date acquired Total Checkouts Full call number Barcode Date last seen Price effective from Koha item type
    pbk     Anna Centenary Library Anna Centenary Library 3RD FLOOR, B WING 15.10.2020   276 SUN 101529 15.10.2020 15.10.2020 English Books

Find us on the map